Car Model to Make - Statistics

General Stats
  • This quiz has been taken 196,690 times
    22,696 since last reset
  • The average score is 17 of 27
Answer Stats
Model Make % Correct
Civic Honda
97%
Mustang Ford
96%
Beetle Volkswagen
96%
Prius Toyota
93%
911 Carrera Porsche
87%
Wrangler Jeep
82%
Charger Dodge
81%
A8 Audi
80%
Model S Tesla
78%
Corvette Chevrolet
74%
G-Class Mercedes-Benz
71%
Sportage Kia
65%
3 Series BMW
62%
Testarossa Ferrari
62%
Huracan Lamborghini
62%
Escalade Cadillac
61%
500 Fiat
57%
Miata Mazda
56%
Elantra Hyundai
53%
Chiron Bugatti
52%
Firebird Pontiac
52%
Outback Subaru
50%
PT Cruiser Chrysler
44%
Navigator Lincoln
40%
Integra Acura
31%
Silver Shadow Rolls-Royce
31%
Ghibli Maserati
23%
No matching quizzes found
Score Distribution
Percent of People with Each Score
Percentile by Number Answered
Your Score History
You have not taken this quiz since the last reset